00709nam a2200181 a 4500003000500000005001700005008004100022020001800063050002600081100002000107245017900127260006500306300002400371500006100395650002600456700002200482700002300504PILC20160215104441.0091110s19uu xx 00 eng d a9781433804380 aBF 76.5 b.Si497 2009 aSilvia, Paul J. aWhat psychology majors could (and should) be doing :ban informal guide to research experience and professional skills /cPaul J. Silvia, Peter F. Delaney, Stuart Marcovitch. aWashington D.C :bAmerican Psychological Association,c2009. a167 pages ;c21 cm. aIncludes appendix, bibliographical references and index. aPsychologyxResearch. aDelaney, Peter F. aMarcovitch, Stuart